| 000 | 00631nab a2200241 a 4500 | ||
|---|---|---|---|
| 001 | 57436 | ||
| 003 | 128676 | ||
| 005 | 20201118103324.0 | ||
| 008 | ||||||n9999 ||| || || | ||
| 041 | _aspa | ||
| 245 | 0 | _aEs un mar, es un lago, No. es un pozo de petroleo | |
| 260 |
_aBogotá : _bEdimedios, _c1998. |
||
| 300 | _app.24-26 | ||
| 562 | _e0 | ||
| 650 | _aANALISIS DE COYUNTURA | ||
| 650 | _aEXPLOTACION DE RECURSOS NATURALES | ||
| 650 | _aIMPACTO ECONOMICO | ||
| 650 | _aMAR CASPIO | ||
| 650 | _aPETROLEO | ||
| 650 | _aRECURSOS PETROLIFEROS | ||
| 773 |
_055980 _aSumma Plus - No.134 (1998) |
||
| 942 | _cSART | ||
| 999 |
_c57436 _d57436 |
||